| 000 | 00879nam2a22002531 4500 | ||
|---|---|---|---|
| 001 | RU\NLR\INFOCOMM6\1000380605 | ||
| 005 | 20260405163220.0 | ||
| 035 | _a(NLR Aleph) 002645779 | ||
| 090 |
_a3825724 _c3825724 |
||
| 100 | _a20040116d1915 |||y0rusy50 ca | ||
| 101 | 0 | _arus | |
| 102 | _aRU | ||
| 105 | _ay ||||||||| | ||
| 200 | 1 |
_aБельгия - страна героев _fСно Е.Э. |
|
| 210 |
_d1915 _aБ. м. |
||
| 461 | 0 |
_1001RU\NLR\INFOCOMM6\1000380585 _12001#$aВойна$eЖурн.$v1915, №20 _93825552 _cСПб. _d1914-1917 _nИ. Богельман _oЖурн. _tВойна _v1915, №20 |
|
| 700 | 1 |
_4070 _8rus _7ca _aСно _bЕ. Э. _f1860- _gЕвгений Эдуардович _3RU\NLR\AUTH\7769394 _952322 |
|
| 801 | 1 |
_aRU _bInfoComm _c20040116 |
|
| 801 | 0 |
_aRU _bNLR _gPSBO |
|
| 852 |
_aNLR _j3/644Низ |
||
| 942 | _cISSUE | ||
| 980 | _aNB | ||
| 980 | _aRUSPER | ||